| 000 | 00550nam a2200181Ia 4500 | ||
|---|---|---|---|
| 008 | 090630s9999 xx 000 0 und d | ||
| 082 | _b16504 | ||
| 100 | _aम्हसवेकर आनंद. | ||
| 245 |
_aआकांत. _cम्हसवेकर आनंद. |
||
| 260 | _bडिंपल - वसई. | ||
| 300 | _a0 | ||
| 600 | _aम्हसवेकर आनंद. | ||
| 630 | _aआकांत. | ||
| 655 | _aनाटक. | ||
| 700 | _aम्हसवेकर आनंद. | ||
| 730 | _aआकांत. | ||
| 942 | _cBOOK | ||
| 999 |
_c268360 _d268360 |
||